Automerken - Statistics

General Stats
  • This quiz has been taken 12 times
  • The average score is 8 of 41
Answer Stats
Answer % Correct
vol
90%
bmw
60%
audi
50%
maz
40%
cit
30%
ford
30%
lex
30%
Mer
30%
nis
30%
sko
30%
Toy
30%
Volk
30%
byd
20%
chev
20%
fiat
20%
kia
20%
opel
20%
peu
20%
ren
20%
suz
20%
bui
10%
dac
10%
hyu
10%
jeep
10%
lan
10%
lan
10%
mit
10%
por
10%
sea
10%
sub
10%
tes
10%
alf
0%
bug
0%
cad
0%
chr
0%
honda
0%
mini
0%
pol
0%
ram
0%
saa
0%
sma
0%
No matching quizzes found
Score Distribution
Percent of People with Each Score
Percentile by Number Answered
Your Score History
You have not taken this quiz